000
00260nam a22001097a 4500
999
_c
66984
_d
66981
082
_a
PIE
100
_a
Piel Jonalhan
245
_a
Scientific American: Voyager traiumph in space
260
_a
New York
_b
Scientific American:
_c
1986
300
_a
130
942
_c
BK